000
00336nam a2200145Ia 4500
100
_a
ShantiNarayan/ Kapur/I.N
942
_c
BK
654
_a
Vector Calculus
245
_a
Text Book of Vector Calculus
260
_b
S.Chand and Co.
_a
New Delhi
_c
1985
082
_a
515.63
_b
NAR/KAP
300
_a
320
546
_a
ENGLISH
999
_c
26607
_d
26607